| 000 | 01212cam a2200325 i 4500 | ||
|---|---|---|---|
| 999 |
_c200435352 _d53564 |
||
| 001 | 200435352 | ||
| 003 | TR-AnTOB | ||
| 005 | 20210107142950.0 | ||
| 008 | 800613s1978 tu b f000 0 tur | ||
| 010 | _a80481051 | ||
| 035 | _a(OCoLC)6490588 | ||
| 040 |
_aDLC _beng _erda _cDLC _dOCLCO _dOCLCF _dOCLCQ _dTR-AnTOB |
||
| 041 | _atur | ||
| 050 | 0 | _aHB135 | |
| 090 |
_aHB135 _b.Ş46 1978 |
||
| 100 | 1 |
_aŞenel, Musa _eauthor _9124271 |
|
| 245 | 1 | 0 |
_aMatematiksel iktisat / _cDoç. Dr. Musa Şenel. |
| 264 | 1 |
_a[Eskişehir] : _b[Eskişehir İktisadi ve Ticari İlimler Akademisi], _c[1978]. |
|
| 300 |
_a224, [2] pages : _bgraphs ; _c24 cm. |
||
| 336 |
_atext _btxt _2rdacontent |
||
| 337 |
_aunmediated _bn _2rdamedia |
||
| 338 |
_avolume _bnc _2rdacarrier |
||
| 490 | 0 |
_aEskişehir İktisadi ve Ticari İlimler Akademisi yayınları ; _vno. 187/118 |
|
| 504 | _aIncludes bibliographical references (pages 225-226). | ||
| 530 | _aAlso issued online. | ||
| 650 | 0 |
_aEkonomi, Matematiksel _9124272 |
|
| 776 | 0 | 8 |
_iOnline version: _aŞenel, Musa. _tMatematiksel iktisat. _d[Eskişehir : Eskişehir İktisadi ve Ticari İlimler Akademisi], 1978 _w(OCoLC)557431779 |
| 942 |
_2lcc _cBK |
||